Webster's New World Dictionary of Quotations, (Record no. 6440)

MARC details
005 - DATE AND TIME OF LATEST TRANSACTION
control field 20250629164037.0
020 ## - INTERNATIONAL STANDARD BOOK NUMBER
International Standard Book Number 0-7645-7308-x
082 ## - DEWEY DECIMAL CLASSIFICATION NUMBER
Classification number 030 REF WEB
111 ## - MAIN ENTRY--MEETING NAME
Meeting name or jurisdiction name as entry element Webster's New World Dictionary of Quotations,
245 ## - TITLE STATEMENT
Title Webster's New World Dictionary of Quotations,
260 ## - PUBLICATION, DISTRIBUTION, ETC.
Name of publisher, distributor, etc. Wiley Publishing, Inc,
Date of publication, distribution, etc. 2005.
300 ## - PHYSICAL DESCRIPTION
Extent 1283p,: ill.; figure, picture, table
Dimensions 21cm
942 ## - ADDED ENTRY ELEMENTS (KOHA)
Source of classification or shelving scheme Dewey Decimal Classification
Koha item type Books
Holdings
Date last seen Total checkouts Full call number Barcode Cost, replacement price Price effective from Koha item type Lost status Source of classification or shelving scheme Damaged status Not for loan Withdrawn status Home library Current library Shelving location Date acquired Cost, normal purchase price
06/29/2025   030 REF WEB DOM0003789 150000.00 06/29/2025 Books   Dewey Decimal Classification       CBE Dodoma CBE Dodoma Reference Collection 07/24/2005 50000.00
06/29/2025   030 REF WEB DOM0003788 150000.00 06/29/2025 Books   Dewey Decimal Classification       CBE Dodoma CBE Dodoma Reference Collection 07/24/2005 50000.00
06/29/2025   030 REF WEB DOM0003791 150000.00 06/29/2025 Books   Dewey Decimal Classification       CBE Dodoma CBE Dodoma Reference Collection 07/24/2005 50000.00
06/29/2025   030 REF WEB DOM0003790 150000.00 06/29/2025 Books   Dewey Decimal Classification       CBE Dodoma CBE Dodoma Reference Collection 07/24/2005 50000.00
07/01/2025   030REF WEB DOM0004603 150000.00 07/01/2025 Books   Dewey Decimal Classification       CBE Dodoma CBE Dodoma General Collection 07/01/2005 50000.00